000 00394pab a2200145 454500
008 180718b1988 xxu||||| |||| 00| 0 eng d
100 _aJamal, Haroon
245 _aBuying v/s hiring of agricultural machinery
_bA case of tractoruse in Pakistan
260 _c1988
300 _a33-49
362 _aApr.
650 _aFarm Machinery - Pakistan
773 _aAsian Economic Review
909 _a8087
999 _c8087
_d8087